Led Zeppelin or Queen? - Statistics

General Stats
  • This quiz has been taken 105 times
  • The average score is 35 of 40
Answer Stats
Hint Answer % Correct
We Are The Champions Queen
97%
We Will Rock You Queen
97%
Immigrant Song Led Zeppelin
95%
Another One Bites The Dust Queen
95%
Black Dog Led Zeppelin
94%
Killer Queen Queen
94%
Radio Ga Ga Queen
94%
Bohemian Rhapsody Queen
93%
Stairway To Heaven Led Zeppelin
92%
Whole Lotta Love Led Zeppelin
92%
Good Times Bad Times Led Zeppelin
91%
Ramble On Led Zeppelin
91%
Kashmir Led Zeppelin
91%
Going To California Led Zeppelin
91%
When The Levee Breaks Led Zeppelin
91%
D'yer Mak'er Led Zeppelin
91%
Don't Stop Me Now Queen
91%
Somebody To Love Queen
91%
I Want To Break Free Queen
90%
A Kind Of Magic Queen
90%
I Want It All Queen
90%
Babe I'm Gonna Leave You Led Zeppelin
89%
Tangerine Led Zeppelin
87%
Rock And Roll Led Zeppelin
86%
Fool In The Rain Led Zeppelin
86%
Who Wants To Live Forever Queen
86%
Keep Yourself Alive Queen
85%
Heartbreaker Led Zeppelin
84%
Fat Bottomed Girls Queen
84%
The Battle Of Evermore Led Zeppelin
83%
Communication Breakdown Led Zeppelin
83%
The Show Must Go On Queen
83%
Custard Pie Led Zeppelin
82%
Since I've Been Loving You Led Zeppelin
80%
Too Much Love Will Kill You Queen
80%
Love Of My Life Queen
79%
All My Love Led Zeppelin
76%
Bijou Queen
68%
Khashoggi's Ship Queen
60%
The Prophet's Song Queen
51%
No matching quizzes found
Score Distribution
Percent of People with Each Score
Percentile by Number Answered
Your Score History
You have not taken this quiz